Countries of the Middle East - Statistics

General Stats
  • This quiz has been taken 34 times
  • The average score is 11 of 16
Answers on the Map
Answers color-coded by a green-red scale on the quiz's map according to % correct below.
 
Answer Stats
Answer % Correct
Iran
80%
Qatar
80%
Iraq
75%
Saudi Arabia
75%
Yemen
75%
Bahrain
70%
Israel
70%
Jordan
70%
Oman
70%
Syria
70%
Turkey
70%
Kuwait
65%
UAE
65%
Lebanon
55%
Cyprus
50%
Egypt
20%
No matching quizzes found
Score Distribution
Percent of People with Each Score
Percentile by Number Answered
Your Score History
You have not taken this quiz